Intervención psicológica en la vejez: aplicaciones en el ámbito clínico y de la salud

Salvato in:
Dettagli Bibliografici
Autori principali: Montorio, Ignacio (autor), Izal, María (Autore)
Natura: Libro
Lingua:spagnolo
Pubblicazione: Madrid Síntesis 2007
Edizione:1a. ed
Serie:Síntesis Gerontología, 3
Soggetti:
Tags: Aggiungi Tag
Nessun Tag, puoi essere il primo ad aggiungerne!!

MARC

LEADER 00000cam a2200000 a 4500
001 UCE5454
003 CL-VaPUC
008 150109e20070000sp |||||||||||||||||spa|d
020 |a 9788477386711 
082 0 4 |a 155.67  |b MON  |2 21 
100 |a Montorio, Ignacio  |e autor  |9 578090 
700 0 |a Izal, María  |e author  |9 578091 
245 1 0 |a Intervención psicológica en la vejez: aplicaciones en el ámbito clínico y de la salud 
250 |a 1a. ed 
300 |a 396 p 
942 |c BK 
945 |d 20150109 08:57:00  |a arojas 
260 |a Madrid  |b Síntesis  |c 2007 
650 7 |a PSICOLOGIA GERIATRICA  |2 CL-VaPUC  |9 334631 
650 0 |a Tercera edad   |9 307285 
650 0 |a Ancianos   |9 307293 
650 0 |a Vejez   |9 307287 
650 7 |a ENVEJECIMIENTO  |2 CL-VaPUC  |9 578093 
650 0 |a Adulto mayor  |9 311317 
583 |a last modification  |c 20150109 08:57:00  |k Rodrigo Vera 
490 0 |a Síntesis Gerontología, 3 
999 |c 358172  |d 358170 
952 |0 0  |1 0  |3 erb  |4 0  |6 155_670000000000000_MON_2007  |7 0  |8 A  |9 466716  |a BIBGIM  |b BIBGIM  |i 5133890  |o 155.67 MON 2007  |p 5133890  |r 2025-01-15  |w 2019-11-23  |y BK  |z Catalogado en:20150109  |k SSL